Juventud desarrollo y cooperación /
সংরক্ষণ করুন:
| সংস্থা লেখক: | |
|---|---|
| বিন্যাস: | অজ্ঞাত |
| প্রকাশিত: |
Madrid :
Cruz Roja Española. Interpress Service
|
| বিষয়গুলি: | |
| ট্যাগগুলো: |
ট্যাগ যুক্ত করুন
কোনো ট্যাগ নেই, প্রথমজন হিসাবে ট্যাগ করুন!
|
MARC
| LEADER | 00000 a2200000 04500 | ||
|---|---|---|---|
| 001 | 1329 | ||
| 003 | cru CIDCACS/IIS | ||
| 005 | 20190425091136.0 | ||
| 008 | 991231s d | ||
| 999 | |c 16901 |d 16901 | ||
| 020 | |a [sin ISSN] | ||
| 022 | |a [sin ISSN] | ||
| 040 | |c cru CIDCACS/IIS | ||
| 090 | |a 14.02.02 J97j | ||
| 110 | |a Cruz Roja Española | ||
| 245 | |a Juventud desarrollo y cooperación / |c Cruz Roja Española | ||
| 260 | |a Madrid : |b Cruz Roja Española. Interpress Service | ||
| 362 | |a n° 3 | ||
| 650 | |a JUVENTUD | ||
| 650 | |a INTERCAMBIO DE ESTUDIANTES | ||
| 650 | |a ASPECTOS SOCIALES | ||
| 650 | |a ASPECTOS ECONOMICOS | ||
| 650 | |a ASPECTOS POLITICOS | ||
| 942 | |2 ddc |c LI | ||
